Pays composés de lettres différentes - Statistiques

Statistiques générales
  • Ce quiz a été pris 522 fois
  • Le résultat moyen est 32 sur 55
Statistiques - réponses
Pays % Correct
France
95%
Chine
84%
Japon
84%
Maroc
79%
Brésil
76%
Inde
74%
Portugal
74%
Iran
72%
Irak
71%
Irlande
71%
Libye
70%
Islande
69%
Laos
69%
Pérou
69%
Mali
66%
Cuba
65%
Israël
65%
Liban
65%
Oman
65%
Viêt Nam
63%
Gambie
61%
Niger
61%
Zambie
60%
Soudan
59%
Hongrie
57%
Koweït
57%
Népal
57%
Syrie
57%
Ukraine
57%
Tchad
56%
Tonga
56%
Bahrein
55%
Croatie
55%
Bhoutan
54%
Kenya
53%
Malte
52%
Gabon
51%
Jordanie
51%
Suriname
51%
Brunei
50%
Chypre
50%
Somalie
49%
Bulgarie
48%
Cap-Vert
48%
Honduras
48%
Maurice
48%
Autriche
47%
Cambodge
47%
Roumanie
47%
Slovaquie
45%
Cameroun
44%
Moldavie
39%
Singapour
38%
Maldives
37%
Ouzbékistan
34%
Aucun quiz correspondant
Distribution des résultats
% des personnes avec chaque résultat
Percentile par nombre de réponses
Votre historique - résultats
Vous n’avez pas pris ce quiz